[Event "BCF-chT2 1718 (4NCL) Promotion pool"]
[Site "England"]
[Date "2018.05.07"]
[Round "11.43"]
[White "Plueg, Andreas"]
[Black "Varnam, Liam"]
[Result "1/2-1/2"]
[WhiteElo "2290"]
[BlackElo "2068"]
[PlyCount "99"]
[EventDate "2017.11.11"]
[EventType "team-tourn"]
[EventRounds "11"]
[EventCountry "ENG"]
[SourceTitle "EXT 2020"]
[Source "ChessBase"]
[SourceDate "2019.10.17"]
[SourceVersion "1"]
[SourceVersionDate "2019.10.17"]
[SourceQuality "1"]
[WhiteTeam "Anglian Avengers"]
[BlackTeam "Grantham Sharks II"]
[WhiteTeamCountry "ENG"]
[BlackTeamCountry "ENG"]

1. d4 d5 2. c3 c5 3. dxc5 e5 4. b4 Be6 5. a3 Nf6 6. Nf3 Nbd7 7. e3 Be7 8. Be2 Qc7 9. Bb2 b6 10. cxb6 Nxb6 11. Nbd2 Nc4 12. Nxc4 dxc4 13. Qa4+ Nd7 14. e4 0-0 15. 0-0 a5 16. Qc2 f5 17. Nd2 f4 18. a4 g5 19. Ba3 g4 20. Qa2 Rac8 21. bxa5 Bxa3 22. Qxa3 Nf6 23. Rab1 Rfd8 24. Rfd1 Rd7 25. Rb6 Kf7 26. f3 Rcd8 27. Rxe6 Rxd2 28. Rxd2 Rxd2 29. Rxf6+ Kxf6 30. Qf8+ Kg6 31. Qg8+ Kh6 32. Qf8+ Qg7 33. Qxg7+ Kxg7 34. Bxc4 g3 35. hxg3 fxg3 36. Kf1 Rd7 37. a6 Ra7 38. f4 exf4 39. e5 h5 40. Ke2 Kg6 41. Bd3+ Kg5 42. Kf3 h4 43. e6 h3 44. gxh3 Kf6 45. h4 Kxe6 46. h5 Kf6 47. h6 Kf7 48. Be4 Rxa6 49. Bd5+ Kg6 50. Kxf4 1/2-1/2

[Event "BCF-chT2 1718 (4NCL) Promotion pool"]
[Site "England"]
[Date "2018.05.06"]
[Round "10.31"]
[White "Cyfka, Karina"]
[Black "Plueg, Andreas"]
[Result "1-0"]
[WhiteElo "2403"]
[BlackElo "2290"]
[PlyCount "69"]
[EventDate "2017.11.11"]
[EventType "team-tourn"]
[EventRounds "11"]
[EventCountry "ENG"]
[SourceTitle "EXT 2020"]
[Source "ChessBase"]
[SourceDate "2019.10.17"]
[SourceVersion "1"]
[SourceVersionDate "2019.10.17"]
[SourceQuality "1"]
[WhiteTeam "Celtic Tigers"]
[BlackTeam "Anglian Avengers"]
[WhiteTeamCountry "ENG"]
[BlackTeamCountry "ENG"]

1. d4 Nf6 2. c4 e6 3. Nf3 Bb4+ 4. Bd2 Be7 5. Nc3 d5 6. Bf4 0-0 7. Rc1 c5 8. dxc5 Bxc5 9. e3 Nc6 10. a3 a6 11. cxd5 exd5 12. Bd3 h6 13. 0-0 Qe7 14. Bb1 Rd8 15. Nd4 Nxd4 16. exd4 Ba7 17. Re1 Be6 18. Be5 Rac8 19. h3 Rc6 20. Qd3 Kf8 21. Rcd1 Ng8 22. Ne2 Bb8 23. f4 Ba7 24. f5 f6 25. Nf4 Bf7 26. Bb8 Bxb8 27. Rxe7 Nxe7 28. Qd2 Ba7 29. b3 Rcd6 30. Kh1 Nc6 31. Re1 Bxd4 32. Ne6+ Bxe6 33. fxe6 Be5 34. Bf5 Nd4 35. e7+ 1-0

[Event "BCF-chT2 1718 (4NCL) Promotion pool"]
[Site "England"]
[Date "2018.05.05"]
[Round "9.21"]
[White "Plueg, Andreas"]
[Black "Weaving, Richard"]
[Result "1/2-1/2"]
[WhiteElo "2290"]
[BlackElo "2333"]
[PlyCount "108"]
[EventDate "2017.11.11"]
[EventType "team-tourn"]
[EventRounds "11"]
[EventCountry "ENG"]
[SourceTitle "EXT 2020"]
[Source "ChessBase"]
[SourceDate "2019.10.17"]
[SourceVersion "1"]
[SourceVersionDate "2019.10.17"]
[SourceQuality "1"]
[WhiteTeam "Anglian Avengers"]
[BlackTeam "Wood Green Monarchs"]
[WhiteTeamCountry "ENG"]
[BlackTeamCountry "ENG"]

1. c4 e5 2. Nc3 Nf6 3. g3 c6 4. Bg2 Bb4 5. Nf3 Qe7 6. 0-0 0-0 7. d4 e4 8. Ne1 h6 9. Nc2 Bxc3 10. bxc3 d6 11. Ne3 Re8 12. Rb1 Ng4 13. Nxg4 Bxg4 14. f3 exf3 15. Bxf3 Bxf3 16. Rxf3 b6 17. Re3 Qd8 18. d5 c5 19. Qd3 Nd7 20. Rxe8+ Qxe8 21. Bf4 Qe7 22. Rf1 Re8 23. Rf3 Nf6 24. Re3 Qd7 25. Rxe8+ Nxe8 26. Qf3 Qe7 27. g4 g5 28. Bg3 Kg7 29. e4 Nf6 30. e5 dxe5 31. Qf5 Nd7 32. Kg2 f6 33. h4 gxh4 34. Bxh4 Nf8 35. Kf3 Ng6 36. Bg3 Nh8 37. Qe6 Kf8 38. Qc8+ Kg7 39. Qe6 Qxe6 40. dxe6 Ng6 41. Ke4 Ne7 42. Bh4 Kg6 43. a4 Kg7 44. Bf2 Kg6 45. Bh4 Ng8 46. a5 Ne7 47. a6 Kg7 48. Bf2 Kh7 49. Be1 Kg8 50. Bg3 Kf8 51. Bf2 Kg8 52. Bh4 Kg7 53. Bg3 Kg6 54. Bh4 Kg7 1/2-1/2

[Event "BL2-Nord 1617"]
[Site "Germany"]
[Date "2017.02.05"]
[Round "5.7"]
[White "Gentemann, Moritz"]
[Black "Plueg, Andreas"]
[Result "0-1"]
[WhiteElo "2192"]
[BlackElo "2274"]
[PlyCount "82"]
[EventDate "2016.10.16"]
[EventType "team-tourn"]
[EventRounds "9"]
[EventCountry "GER"]
[SourceTitle "EXT 2018"]
[Source "ChessBase"]
[SourceDate "2017.10.13"]
[SourceVersion "1"]
[SourceVersionDate "2017.10.13"]
[SourceQuality "1"]
[WhiteTeam "Lister Turm"]
[BlackTeam "Preetz"]
[WhiteTeamCountry "GER"]
[BlackTeamCountry "GER"]

1. e4 c6 2. d4 d5 3. e5 Bf5 4. Nf3 e6 5. Be2 Nd7 6. 0-0 Ne7 7. Nbd2 Bg6 8. Nb3 Nf5 9. Bd2 Be7 10. g4 Nh4 11. Nxh4 Bxh4 12. f4 h6 13. f5 Bh7 14. Bd3 Qe7 15. Qf3 0-0-0 16. Be3 Kb8 17. Qh3 Bg5 18. Bf2 h5 19. Rae1 hxg4 20. Qxg4 Ka8 21. Bg3 a6 22. Rf3 Rde8 23. Ref1 exf5 24. Bxf5 Bxf5 25. Rxf5 f6 26. exf6 gxf6 27. R5f3 Reg8 28. Qf5 Bh4 29. Kg2 Rg5 30. Qf4 Qh7 31. Rh1 Qxc2+ 32. Rf2 Qg6 33. Rg1 Bxg3 34. hxg3 Rg4 35. Qf3 Rg8 36. Kh1 f5 37. Rfg2 f4 38. Rf1 Rxg3 39. Rxg3 fxg3 40. Kg1 g2 41. Re1 Qh6 0-1

[Event "Kiel op-A 29th"]
[Site "Kiel"]
[Date "2016.07.30"]
[Round "1"]
[White "Parvanyan, Alfred"]
[Black "Plueg, Andreas"]
[Result "1/2-1/2"]
[WhiteElo "1943"]
[BlackElo "2271"]
[PlyCount "79"]
[EventDate "2016.07.30"]
[EventType "swiss"]
[EventRounds "9"]
[EventCountry "GER"]
[SourceTitle "CBM 173 Extra"]
[Source "ChessBase"]
[SourceDate "2016.08.29"]
[SourceVersion "1"]
[SourceVersionDate "2016.08.29"]
[SourceQuality "1"]

1. Nf3 Nf6 2. c4 b6 3. g3 Bb7 4. Bg2 e5 5. 0-0 e4 6. Nh4 g6 7. Nc3 Bg7 8. d3 0-0 9. dxe4 Re8 10. Qc2 Na6 11. Rd1 Nc5 12. f3 a5 13. Be3 c6 14. Na4 Nxa4 15. Qxa4 c5 16. Rd3 Bc6 17. Qc2 a4 18. Rad1 h6 19. Bd2 b5 20. Be3 Qa5 21. cxb5 Bxb5 22. Rd6 c4 23. Bb6 Qb4 24. e5 Bc6 25. Bd4 Nh7 26. f4 Bxg2 27. Kxg2 a3 28. bxa3 Qb7+ 29. Kh3 Rec8 30. Rb1 Qc7 31. Bb6 Qb7 32. Bc5 Qc7 33. Bb4 Bf8 34. Rxg6+ fxg6 35. Qxg6+ Kh8 36. Bxf8 Nxf8 37. Qxh6+ Kg8 38. Qg5+ Kf7 39. Qh5+ Ke7 40. Nf5+ 1/2-1/2

[Event "BL2-Nord 1516"]
[Site "Germany"]
[Date "2016.04.10"]
[Round "9.2"]
[White "Plueg, Andreas"]
[Black "Rabiega, Robert"]
[Result "0-1"]
[WhiteElo "2254"]
[BlackElo "2507"]
[PlyCount "56"]
[EventDate "2015.09.19"]
[EventType "team-tourn"]
[EventRounds "9"]
[EventCountry "GER"]
[SourceTitle "EXT 2017"]
[Source "ChessBase"]
[SourceDate "2016.10.25"]
[SourceVersion "1"]
[SourceVersionDate "2016.10.25"]
[SourceQuality "1"]
[WhiteTeam "Preetz"]
[BlackTeam "Koenig Tegel"]
[WhiteTeamCountry "GER"]
[BlackTeamCountry "GER"]

1. d4 d5 2. Nf3 Nf6 3. c4 dxc4 4. e3 Bg4 5. Bxc4 e6 6. h3 Bh5 7. Nc3 a6 8. g4 Bg6 9. Ne5 Nbd7 10. Nxg6 hxg6 11. Qf3 c6 12. h4 Nd5 13. g5 Bb4 14. Bd2 Qe7 15. a3 Ba5 16. b4 Bc7 17. Rc1 Nxc3 18. Bxc3 a5 19. h5 axb4 20. Bxb4 Ba5 21. Bxa5 Rxa5 22. hxg6 Rxh1+ 23. Qxh1 Rxg5 24. gxf7+ Kxf7 25. Rb1 Qxa3 26. Ke2 Qa4 27. Bxe6+ Kxe6 28. Qe4+ Kf7 0-1

[Event "BL2-Nord 1516"]
[Site "Germany"]
[Date "2016.02.21"]
[Round "7.6"]
[White "Plueg, Andreas"]
[Black "Steffens, Olaf"]
[Result "1-0"]
[WhiteElo "2254"]
[BlackElo "2312"]
[PlyCount "79"]
[EventDate "2015.09.19"]
[EventType "team-tourn"]
[EventRounds "9"]
[EventCountry "GER"]
[SourceTitle "EXT 2017"]
[Source "ChessBase"]
[SourceDate "2016.10.25"]
[SourceVersion "1"]
[SourceVersionDate "2016.10.25"]
[SourceQuality "1"]
[WhiteTeam "Preetz"]
[BlackTeam "Werder Bremen II"]
[WhiteTeamCountry "GER"]
[BlackTeamCountry "GER"]

1. d4 b6 2. Bf4 Ba6 3. Nf3 g6 4. Nbd2 Bg7 5. e4 Bxf1 6. Nxf1 e6 7. Ng3 d6 8. Qd2 Nd7 9. 0-0-0 h6 10. h4 Qc8 11. Kb1 Qb7 12. e5 d5 13. c4 Ne7 14. Rc1 dxc4 15. Rxc4 b5 16. Rc2 Nb6 17. Qe2 Nc4 18. Bc1 Nd5 19. Ne4 Nb4 20. Rc3 Nd5 21. Rb3 Qc6 22. h5 g5 23. Ne1 a5 24. Rg3 Bf8 25. Rf1 Be7 26. Nc2 a4 27. f4 gxf4 28. Bxf4 b4 29. Nd2 Nxd2+ 30. Bxd2 a3 31. Rb3 axb2 32. Qf3 Kd7 33. Bxb4 Rxa2 34. Bxe7 Rha8 35. Ba3 R2xa3 36. Nxa3 Rxa3 37. Rxa3 Qc4 38. Qd3 Qb4 39. Rxf7+ Ke8 40. Ra8+ 1-0

[Event "BL2-Nord 1516"]
[Site "Germany"]
[Date "2015.09.19"]
[Round "3.4"]
[White "Janaszak, Dawid"]
[Black "Plueg, Andreas"]
[Result "1-0"]
[WhiteElo "2386"]
[BlackElo "2254"]
[PlyCount "61"]
[EventDate "2015.09.19"]
[EventType "team-tourn"]
[EventRounds "9"]
[EventCountry "GER"]
[SourceTitle "EXT 2017"]
[Source "ChessBase"]
[SourceDate "2016.10.25"]
[SourceVersion "1"]
[SourceVersionDate "2016.10.25"]
[SourceQuality "1"]
[WhiteTeam "Ruedersdorf"]
[BlackTeam "Preetz"]
[WhiteTeamCountry "GER"]
[BlackTeamCountry "GER"]

1. e4 d6 2. Nc3 Nf6 3. d4 g6 4. Bg5 Bg7 5. Qd2 h6 6. Bh4 g5 7. Bg3 Nh5 8. Bc4 Nc6 9. Nge2 e5 10. dxe5 Nxe5 11. Bb3 Be6 12. 0-0-0 Bxb3 13. axb3 Qd7 14. f3 Nxg3 15. Nxg3 Ng6 16. Nd5 0-0-0 17. Nf5 Be5 18. g3 c6 19. Nde3 Qe6 20. Qb4 Rd7 21. Rd3 h5 22. Rhd1 Rhd8 23. Qa5 Kb8 24. b4 Bf6 25. b5 Ne5 26. Rb3 d5 27. Nd4 Qd6 28. bxc6 Nc4 29. Nxc4 dxc4 30. cxd7 cxb3 31. Nxb3 1-0

[Event "Kiel op 28th"]
[Site "Kiel"]
[Date "2015.07.30"]
[Round "8"]
[White "Plueg, Andreas"]
[Black "Neumann, Frank"]
[Result "0-1"]
[WhiteElo "2295"]
[BlackElo "2027"]
[PlyCount "66"]
[EventDate "2015.07.25"]
[EventType "swiss"]
[EventRounds "9"]
[EventCountry "GER"]
[SourceTitle "CBM 167 Extra"]
[Source "ChessBase"]
[SourceDate "2015.09.14"]
[SourceVersion "1"]
[SourceVersionDate "2015.09.14"]
[SourceQuality "1"]

1. d4 g6 2. Nf3 Bg7 3. Bf4 d6 4. e3 Nd7 5. h3 e5 6. Bh2 Ne7 7. Be2 0-0 8. c4 h6 9. Nc3 f5 10. 0-0 e4 11. Nd2 Nf6 12. b4 c6 13. Qb3 Be6 14. Rad1 d5 15. b5 Bf7 16. Qa3 g5 17. bxc6 bxc6 18. cxd5 Nfxd5 19. Nxd5 Bxd5 20. Bd6 Bf6 21. Ba6 Qd7 22. Nc4 Qe6 23. Rc1 Rf7 24. Be5 Ng6 25. Bxf6 Rxf6 26. Bb7 Raf8 27. Na5 Ne7 28. Rc3 f4 29. exf4 gxf4 30. Kh2 e3 31. Nxc6 Nxc6 32. fxe3 f3 33. e4 Qxe4 0-1

[Event "Kiel op 28th"]
[Site "Kiel"]
[Date "2015.07.28"]
[Round "6"]
[White "Plueg, Andreas"]
[Black "Voloshin, Leonid"]
[Result "0-1"]
[WhiteElo "2295"]
[BlackElo "2417"]
[PlyCount "64"]
[EventDate "2015.07.25"]
[EventType "swiss"]
[EventRounds "9"]
[EventCountry "GER"]
[SourceTitle "CBM 167 Extra"]
[Source "ChessBase"]
[SourceDate "2015.09.14"]
[SourceVersion "1"]
[SourceVersionDate "2015.09.14"]
[SourceQuality "1"]

1. d4 c5 2. d5 e5 3. e4 d6 4. Nc3 a6 5. a4 Be7 6. Nf3 Bg4 7. Be2 Bxf3 8. Bxf3 Bg5 9. 0-0 Bxc1 10. Qxc1 Ne7 11. a5 0-0 12. Qd2 g6 13. Na4 Nd7 14. b4 Rc8 15. Rfb1 c4 16. b5 f5 17. bxa6 bxa6 18. Nb6 Rc5 19. Nxd7 Qxd7 20. Rb6 fxe4 21. Bxe4 Rb5 22. Rb1 Nc8 23. Rb8 Rxb8 24. Rxb8 Qc7 25. Rb1 c3 26. Qh6 Qc5 27. Bf3 Qa7 28. Qe3 Qc7 29. h4 Ne7 30. Qb6 Qxb6 31. Rxb6 Rf4 32. Rxa6 Ra4 0-1

[Event "Oberliga Nord N 1415"]
[Site "Germany"]
[Date "2015.03.15"]
[Round "8.3"]
[White "Plueg, Andreas"]
[Black "Breyther, Ruediger"]
[Result "1/2-1/2"]
[WhiteElo "2308"]
[BlackElo "2301"]
[PlyCount "167"]
[EventDate "2014.09.21"]
[EventType "team-tourn"]
[EventRounds "9"]
[EventCountry "GER"]
[SourceTitle "EXT 2016"]
[Source "ChessBase"]
[SourceDate "2015.10.08"]
[SourceVersion "1"]
[SourceVersionDate "2015.10.08"]
[SourceQuality "1"]
[WhiteTeam "Preetz"]
[BlackTeam "Hamburg St Pauli"]
[WhiteTeamCountry "GER"]
[BlackTeamCountry "GER"]

1. c4 e6 2. g3 d5 3. Bg2 Nf6 4. Nf3 Be7 5. 0-0 0-0 6. d4 c6 7. Nc3 Nbd7 8. Bf4 b6 9. Qa4 Bb7 10. cxd5 cxd5 11. Rfc1 a6 12. b4 b5 13. Qb3 Rc8 14. Nd1 Rc4 15. Nb2 Rxb4 16. Qc2 Qa8 17. Bd2 Rc8 18. Qb1 Rbc4 19. Nxc4 dxc4 20. a4 Be4 21. Qa2 Qd5 22. axb5 axb5 23. Qa5 h6 24. Bb4 Bd8 25. Qa6 Qc6 26. Qxc6 Bxc6 27. Ne5 Nxe5 28. dxe5 Nd5 29. Bd6 Bb6 30. e3 Bd8 31. Ra6 Bb7 32. Ra7 Bc6 33. Kf1 Bb6 34. Ra6 Bd8 35. Ke1 Bb7 36. Ra7 Bc6 37. Kd2 Bb6 38. Ra6 Bd8 39. Bxd5 Bxd5 40. Kc3 Bb7 41. Ra7 Bc6 42. Rb1 Bb6 43. Ra6 Bd8 44. Rba1 Kh7 45. Ra7 Kg6 46. h4 h5 47. Kb4 Bb6 48. R7a6 Bd8 49. R1a2 Be4 50. Kc3 Bb7 51. Ra7 Bf3 52. Rb2 Bc6 53. Rb1 Bb6 54. Ra6 Bd8 55. e4 Bb7 56. Ra7 Bc6 57. f3 Bb6 58. Ra6 Bf2 59. Ra2 Bb6 60. Rba1 Kh7 61. Rg2 Be3 62. Re2 Bb6 63. Ra6 Bg1 64. Rg2 Be3 65. g4 hxg4 66. Rxg4 Bb7 67. Ra5 Bc6 68. Ra2 Re8 69. Kb4 Rc8 70. Re2 Bh6 71. Rgg2 Bf4 72. Rg4 Bh6 73. Ra2 Be3 74. Rgg2 Bd4 75. Rgd2 Be3 76. Re2 Bd4 77. Ra3 Bb6 78. Ra6 Bd4 79. Ra3 Bb6 80. f4 Bd4 81. Re1 Kg8 82. Ra2 Kh7 83. h5 Kh6 84. Be7 1/2-1/2

[Event "Oberliga Nord N 1314"]
[Site "Germany"]
[Date "2013.11.24"]
[Round "3.3"]
[White "Richter, Maik"]
[Black "Plueg, Andreas"]
[Result "0-1"]
[WhiteElo "2218"]
[BlackElo "2300"]
[PlyCount "184"]
[EventDate "2013.10.13"]
[EventType "team-tourn"]
[EventRounds "9"]
[EventCountry "GER"]
[SourceTitle "EXT 2015"]
[Source "ChessBase"]
[SourceDate "2014.11.20"]
[SourceVersion "1"]
[SourceVersionDate "2014.11.20"]
[SourceQuality "1"]
[WhiteTeam "St Pauli"]
[BlackTeam "Preetz"]
[WhiteTeamCountry "GER"]
[BlackTeamCountry "GER"]

1. e4 d6 2. d4 Nf6 3. f3 d5 4. e5 Nfd7 5. Bd3 c5 6. c3 Qb6 7. Ne2 Nc6 8. Bc2 e6 9. f4 Be7 10. 0-0 0-0 11. Kh1 f6 12. dxc5 Qxc5 13. Nd4 Nxd4 14. cxd4 Qb6 15. Qh5 f5 16. Qd1 Nb8 17. Nc3 Nc6 18. Ne2 Bd7 19. Rf3 Nb4 20. Bb1 Bb5 21. Nc3 Ba6 22. Be3 Nc6 23. Rf2 Na5 24. Bc1 Rac8 25. Na4 Qb5 26. b3 Nc6 27. Bb2 Rc7 28. a3 Na5 29. Ba2 Rfc8 30. Rd2 Qd7 31. Nc5 Bxc5 32. dxc5 b6 33. b4 Nc4 34. Bxc4 Bxc4 35. Bd4 b5 36. Qf3 Ra8 37. h3 a5 38. Rdd1 Rc6 39. Qc3 Rca6 40. Kh2 h6 41. Qd2 axb4 42. axb4 Ra4 43. Rdb1 Qe8 44. Qe3 R8a6 45. Qd2 Kf7 46. Qe3 Ke7 47. Qg3 Kf7 48. Qe3 Qd7 49. Qd2 Ke8 50. Qe3 Kd8 51. Qd2 Qc6 52. Qe3 Ke8 53. Qd2 Kf7 54. Qe3 Kg8 55. Qd2 Kh8 56. Qe3 Ra8 57. Qd2 R8a7 58. Qe3 R7a6 59. Qd2 Kh7 60. Qe3 Qa8 61. Rxa4 Rxa4 62. Qc3 Kg8 63. Ra1 Kf7 64. Qb2 Qa6 65. Qc3 Ke8 66. Qc1 Kd7 67. Qc3 Kc6 68. Qc1 Qa8 69. Qc3 Qa7 70. Kg1 Qb8 71. Qd2 Qa8 72. Qc1 Ba2 73. Qe1 Qa7 74. Kh2 g5 75. fxg5 hxg5 76. Qd2 g4 77. Qh6 Qd7 78. hxg4 fxg4 79. Qg6 Rxb4 80. Rxa2 Rxd4 81. Ra6+ Kxc5 82. Rxe6 Re4 83. Rd6 Qe7 84. Rc6+ Kd4 85. Qf6 Qxe5+ 86. Qxe5+ Kxe5 87. Rb6 b4 88. Kg3 Rc4 89. Rg6 Kd4 90. Kxg4 b3 91. Kf5 Rb4 92. Rg4+ Kc5 0-1

[Event "Oberliga Nord N 1314"]
[Site "Germany"]
[Date "2013.11.10"]
[Round "2.3"]
[White "Plueg, Andreas"]
[Black "Rosmann, Ilja"]
[Result "1-0"]
[WhiteElo "2300"]
[BlackElo "2307"]
[PlyCount "87"]
[EventDate "2013.10.13"]
[EventType "team-tourn"]
[EventRounds "9"]
[EventCountry "GER"]
[SourceTitle "EXT 2015"]
[Source "ChessBase"]
[SourceDate "2014.11.20"]
[SourceVersion "1"]
[SourceVersionDate "2014.11.20"]
[SourceQuality "1"]
[WhiteTeam "Preetz"]
[BlackTeam "Hamburg Koenigsspringer"]
[WhiteTeamCountry "GER"]
[BlackTeamCountry "GER"]

1. d4 Nf6 2. Nf3 g6 3. Bf4 Bg7 4. e3 d6 5. h3 0-0 6. c3 Nbd7 7. Be2 Qe8 8. Bh2 e5 9. 0-0 Qe7 10. a4 Ne8 11. a5 a6 12. Qb3 Kh8 13. Qa3 e4 14. Nfd2 f5 15. c4 g5 16. Nc3 Ndf6 17. c5 dxc5 18. Nb3 Qf7 19. Nxc5 b6 20. axb6 cxb6 21. N5a4 Nd7 22. b4 Bb7 23. b5 a5 24. Qa2 Qg6 25. Nd5 Rd8 26. Rac1 f4 27. Ne7 Qf6 28. Nc6 Rc8 29. Bg4 Rc7 30. Bxd7 Rxd7 31. Nxb6 Rdf7 32. Ne5 f3 33. Nbd7 Qe7 34. Nxf7+ Rxf7 35. Ne5 Bxe5 36. Bxe5+ Kg8 37. Rc5 Qd7 38. Rfc1 h6 39. Rc6 Bxc6 40. bxc6 Qc8 41. c7 fxg2 42. Kxg2 h5 43. Qd5 Qf5 44. Qxf7+ 1-0

[Event "Karl Mala Memorial op-A 16th"]
[Site "Frankfurt"]
[Date "2013.07.13"]
[Round "4"]
[White "Ikonnikov, Vyacheslav"]
[Black "Plueg, Andreas"]
[Result "1-0"]
[WhiteElo "2535"]
[BlackElo "2300"]
[PlyCount "77"]
[EventDate "2013.07.11"]
[EventType "swiss"]
[EventRounds "7"]
[EventCountry "GER"]
[SourceTitle "EXT 2014"]
[Source "ChessBase"]
[SourceDate "2013.11.20"]
[SourceVersion "1"]
[SourceVersionDate "2013.11.20"]
[SourceQuality "1"]

1. d4 Nf6 2. Nf3 g6 3. c4 Bg7 4. Nc3 0-0 5. e4 d6 6. Be2 e5 7. d5 Nbd7 8. Bg5 h6 9. Bh4 a5 10. Nd2 g5 11. Bg3 Nxe4 12. Ndxe4 f5 13. Nd2 f4 14. Bg4 e4 15. Ndxe4 Ne5 16. Bxc8 Qxc8 17. b3 fxg3 18. hxg3 Qf5 19. f3 g4 20. f4 Rae8 21. 0-0 Ng6 22. Rc1 Rxe4 23. Nxe4 Qxe4 24. Qxg4 Qf5 25. Qxf5 Rxf5 26. Rcd1 h5 27. Rfe1 Rf8 28. Re6 Kf7 29. Kf2 Ne7 30. Rh1 Rh8 31. g4 Bd4+ 32. Kg3 hxg4 33. Rxh8 Bxh8 34. Kxg4 Bd4 35. Kf3 Bc5 36. g4 c6 37. Ke4 cxd5+ 38. cxd5 b5 39. f5 1-0

[Event "Karl Mala Memorial op-A 16th"]
[Site "Frankfurt"]
[Date "2013.07.12"]
[Round "2"]
[White "Kuhn, Gerhard"]
[Black "Plueg, Andreas"]
[Result "0-1"]
[WhiteElo "2016"]
[BlackElo "2300"]
[PlyCount "120"]
[EventDate "2013.07.11"]
[EventType "swiss"]
[EventRounds "7"]
[EventCountry "GER"]
[SourceTitle "EXT 2014"]
[Source "ChessBase"]
[SourceDate "2013.11.20"]
[SourceVersion "1"]
[SourceVersionDate "2013.11.20"]
[SourceQuality "1"]

1. e4 g6 2. d4 Bg7 3. Nf3 d6 4. c3 Nf6 5. Bd3 0-0 6. 0-0 Nc6 7. Bg5 h6 8. Be3 e5 9. dxe5 Nxe5 10. Nxe5 dxe5 11. Qe2 Qe7 12. f3 Nh5 13. Bc4 Nf4 14. Qf2 Rd8 15. Na3 a6 16. Rfd1 Be6 17. Bf1 Rxd1 18. Rxd1 Bxa2 19. g3 Bb3 20. Rd2 Ne6 21. Kg2 h5 22. Nc2 Rd8 23. Ne1 Rd7 24. Rxd7 Qxd7 25. Nd3 Bc4 26. Qc2 Qb5 27. Be2 Bf8 28. Kf2 Bd6 29. Qd2 a5 30. Qc2 Kg7 31. Qd2 a4 32. Qc2 Nc5 33. Nxc5 Bxc5 34. Bxc4 Qxc4 35. Qd2 c6 36. Kg2 Bxe3 37. Qxe3 Qa2 38. Qf2 b5 39. f4 exf4 40. gxf4 Qc4 41. Qe3 c5 42. f5 b4 43. fxg6 fxg6 44. cxb4 cxb4 45. Qa7+ Kf6 46. e5+ Kxe5 47. Qg7+ Kf5 48. Qf8+ Ke4 49. Qe7+ Kd3 50. Qd7+ Kc2 51. Qxa4+ Kxb2 52. Qe8 Qg4+ 53. Kf2 Qf5+ 54. Kg3 b3 55. Qe2+ Qc2 56. Qe7 Ka2 57. Qe6 Qd3+ 58. Kg2 Kb1 59. Qe1+ Kc2 60. Qa1 Qd2+ 0-1

[Event "Karl Mala Memorial op-A 16th"]
[Site "Frankfurt"]
[Date "2013.07.11"]
[Round "1"]
[White "Plueg, Andreas"]
[Black "Koestler, Peter"]
[Result "1-0"]
[WhiteElo "2300"]
[BlackElo "1919"]
[PlyCount "45"]
[EventDate "2013.07.11"]
[EventType "swiss"]
[EventRounds "7"]
[EventCountry "GER"]
[SourceTitle "EXT 2014"]
[Source "ChessBase"]
[SourceDate "2013.11.20"]
[SourceVersion "1"]
[SourceVersionDate "2013.11.20"]
[SourceQuality "1"]

1. d4 Nf6 2. Nf3 d5 3. c3 e6 4. Bg5 Nbd7 5. Nbd2 c6 6. e4 dxe4 7. Nxe4 Be7 8. Ng3 h6 9. Bd2 c5 10. Bd3 0-0 11. Qe2 a6 12. 0-0 b6 13. Rfe1 Bb7 14. Rad1 Re8 15. Ne5 Nf8 16. Nh5 Qd5 17. Nf4 Qd6 18. Be3 Qc7 19. Nh5 Nxh5 20. Qxh5 Bf6 21. Ng4 cxd4 22. Nxf6+ gxf6 23. Bxh6 1-0

[Event "Oberliga Nord N 1213"]
[Site "Germany"]
[Date "2013.04.14"]
[Round "9.5"]
[White "Stephan, Axel"]
[Black "Plueg, Andreas"]
[Result "0-1"]
[WhiteElo "2222"]
[BlackElo "2270"]
[PlyCount "88"]
[EventDate "2012.10.14"]
[EventType "team-tourn"]
[EventRounds "9"]
[EventCountry "GER"]
[SourceTitle "EXT 2015"]
[Source "ChessBase"]
[SourceDate "2014.11.20"]
[SourceVersion "1"]
[SourceVersionDate "2014.11.20"]
[SourceQuality "1"]
[WhiteTeam "Hamburg Diogenes"]
[BlackTeam "Preetz"]
[WhiteTeamCountry "GER"]
[BlackTeamCountry "GER"]

1. Nf3 Nf6 2. g3 d5 3. Bg2 c6 4. b3 Bf5 5. Bb2 h6 6. d3 e6 7. Nbd2 Be7 8. e4 Bh7 9. Qe2 0-0 10. 0-0 a5 11. a4 Na6 12. e5 Nd7 13. Ne1 b5 14. axb5 cxb5 15. c4 Nb4 16. cxd5 Nxd5 17. d4 Qb6 18. Nd3 Ra6 19. Rfc1 a4 20. bxa4 Rxa4 21. Nb3 Bxd3 22. Qxd3 Rfa8 23. Be4 Rxa1 24. Bxa1 b4 25. Bh7+ Kh8 26. Be4 Qb7 27. Qf3 Kg8 28. Nc5 Nxc5 29. dxc5 Bxc5 30. Rxc5 Rxa1+ 31. Kg2 Qa6 32. Bd3 Qa8 33. Qe4 g6 34. Kh3 Ra5 35. Rc1 Qb8 36. f4 b3 37. Qc4 b2 38. Qc8+ Qxc8 39. Rxc8+ Kg7 40. Rb8 Ra3 41. Bb1 Nxf4+ 42. Kg4 Nd5 43. Rxb2 h5+ 44. Kh3 Re3 0-1

[Event "Oberliga Nord N 1213"]
[Site "Germany"]
[Date "2013.02.03"]
[Round "6.3"]
[White "Plueg, Andreas"]
[Black "Schroeder, Christoph"]
[Result "1-0"]
[WhiteElo "2270"]
[BlackElo "2187"]
[PlyCount "64"]
[EventDate "2012.10.14"]
[EventType "team-tourn"]
[EventRounds "9"]
[EventCountry "GER"]
[SourceTitle "EXT 2015"]
[Source "ChessBase"]
[SourceDate "2014.11.20"]
[SourceVersion "1"]
[SourceVersionDate "2014.11.20"]
[SourceQuality "1"]
[WhiteTeam "Preetz"]
[BlackTeam "Eppendorf"]
[WhiteTeamCountry "GER"]
[BlackTeamCountry "GER"]

1. d4 d5 2. Nf3 e6 3. c4 c6 4. e3 f5 5. Nc3 Nf6 6. a3 Bd6 7. Be2 0-0 8. 0-0 Ne4 9. Ne5 b6 10. f4 Bb7 11. Nxe4 fxe4 12. b4 Nd7 13. b5 cxb5 14. cxd5 Bxd5 15. Bxb5 Nxe5 16. fxe5 Be7 17. Bd2 Rxf1+ 18. Bxf1 Qd7 19. Ba6 b5 20. Qc2 Rb8 21. Bb4 Bxb4 22. axb4 Qc6 23. Qc5 Qxc5 24. dxc5 Kf7 25. Rc1 Bb7 26. Ra1 Bd5 27. Rd1 Ke7 28. Kf2 Kd7 29. Kg3 Kc7 30. h4 g6 31. Rd2 h6 32. Rf2 Bc4 1-0

[Event "Lingen op 4th"]
[Site "Lingen"]
[Date "2012.07.21"]
[Round "3"]
[White "Plueg, Andreas"]
[Black "Gutman, Lev"]
[Result "0-1"]
[WhiteElo "2303"]
[BlackElo "2450"]
[PlyCount "68"]
[EventDate "2012.07.20"]
[EventType "swiss"]
[EventRounds "5"]
[EventCountry "GER"]
[SourceTitle "EXT 2013"]
[Source "ChessBase"]
[SourceDate "2012.11.22"]
[SourceVersion "1"]
[SourceVersionDate "2012.11.22"]
[SourceQuality "1"]

1. d4 Nf6 2. Nf3 g6 3. Bf4 Bg7 4. e3 0-0 5. c3 d6 6. h3 Be6 7. Nbd2 c5 8. Bd3 Nc6 9. 0-0 cxd4 10. exd4 Qb6 11. Qb1 Rac8 12. Re1 Bd5 13. Ng5 h6 14. Nge4 Nxe4 15. Nxe4 f5 16. Nd2 e5 17. Nc4 Qc7 18. Bh2 Bf7 19. Bf1 b5 20. Na3 a6 21. dxe5 dxe5 22. Nc2 Qb6 23. a4 Rfd8 24. axb5 axb5 25. Na3 Rd2 26. Re2 Rxe2 27. Bxe2 b4 28. Nb5 Na5 29. Qe1 bxc3 30. bxc3 Nc4 31. Rb1 Qc5 32. Bf1 Ra8 33. Qd1 Ra2 34. Kh1 Nd2 0-1